00449 2200181 4500001002100000005001500021008004100036035001900077041000700096082000800103090001400111100002200125245004300147260002200190300003000212500001000242650001500252INLIS00000000000192720241224112436241224||||||||| | ||| |||| || |  0010-1224001927 aid0 a503 a503 TAR k0 aCristian Taringan00aKamus Istilah IPA-Fisika & IPA Biologi bM2S Bandungc2002 a222 hlm. : ilus, ; 20 cm. aCet.1 0aIlmu Murni